• 首页
  • 本馆介绍
  • 公告通知
  • 最新文献
  • 馆藏检索
  • 电子资源
  • 读者导购
  • 参考咨询
  • 我的图书馆
  • 登录
  • 详细信息显示
  • 放入我的书架
  • 预约/预借图书
  • 作者相关作品
  • 分类相关作品
  • 丛书相关作品
  • 出版社相关作品

书目信息

  • 表格格式
  • 工作单格式
  • 卡片格式
题名:
应用数学中的矩量法
    
 
作者: 沃罗别夫 著 ;郭大钧 译
分册:  
出版信息: 北京   人民教育出版社  1964
页数: 174页
开本: 21cm
丛书名:
单 册:
中图分类: O174.43
科图分类:
主题词: 数学分析
电子资源:
ISBN:
000 00622nam0 2200217 45
001 0405201540
005 20040520154035.7
010    @dCNY0.75
091    @a13010.1146
100    @a20040520d1964 km y0chiy0120 ea
101 0  @achi
105    @a z 000yy
200 1  @a应用数学中的矩量法@AYing Yong Shu Xue Zhong De Ju Liang Fa@f(苏)沃罗别夫著@F(Su)Wo Luo Bie Fu Zhu@g郭大钧译
210    @a北京@c人民教育出版社@d1964
215    @a174页@d21cm
606 0  @a数学分析
690    @aO174.43@v3
701  0 @a沃罗别夫@4著
702  0 @a郭大钧@AGuo Da Jun@4译
801    @aCN@bPftUser@c20040520
905    @f1@b8615@dO174.43@e16
    
    应用数学中的矩量法/(苏)沃罗别夫著/郭大钧译.-北京:人民教育出版社,1964
    174页;21cm
    
    
    ISBN :CNY0.75
    
●
相关链接 在E读中查询图书 在五车中查询图书 在当当中查询图书 在豆瓣中查询图书


正题名:应用数学中的矩量法     索取号:O174.43/16         预约/预借

序号 登录号 条形码 馆藏地/架位号 状态 备注
1 0008615   000421216   第二样本阅览室/ [索取号:O174.43/16] 在馆    
唐山师范学院图书馆 欢迎您!
大连网信软件有限公司© 版权所有